Statistical digital signal processing and modeling (Record no. 12496)

000 -LEADER
fixed length control field 00532nam a22001457a 4500
020 ## - INTERNATIONAL STANDARD BOOK NUMBER
International Standard Book Number 9788126516100
082 ## - DEWEY DECIMAL CLASSIFICATION NUMBER
Classification number 621.3822 HAY
100 ## - MAIN ENTRY--PERSONAL NAME
Personal name Hayes, M. H. (Monson H.)
245 ## - TITLE STATEMENT
Title Statistical digital signal processing and modeling
260 ## - PUBLICATION, DISTRIBUTION, ETC.
Place of publication, distribution, etc. New Delhi, India
Name of publisher, distributor, etc. Wiley
Date of publication, distribution, etc. 2004
300 ## - PHYSICAL DESCRIPTION
Extent xv, 608 p.
Other physical details ill. ;
500 ## - GENERAL NOTE
General note Includes bibliographical references and index.
650 ## - SUBJECT ADDED ENTRY--TOPICAL TERM
Topical term or geographic name entry element 1. Signal processing --Digital techniques. 2. Signal processing --Statistical methods. 3. Signal processing --Mathematical models.
942 ## - ADDED ENTRY ELEMENTS (KOHA)
Koha item type Book
Holdings
Withdrawn status Lost status Damaged status Not for loan Collection code Permanent Location Current Location Shelving location Date acquired Source of acquisition Cost, normal purchase price Total Checkouts Total Renewals Full call number Barcode Checked out Date last seen Date last checked out Price effective from Koha item type
          Central Library (CL) Central Library (CL) General Stacks 12/27/2013 Multi-Line Books 783.06 4 2 621.3822 HAY SEECS012915 02/06/2026 09/16/2025 09/16/2025 01/05/2014 Book
© 2023 Central Library, National University of Sciences and Technology. All Rights Reserved.